| 000 | 00494nam a22001817a 4500 | ||
|---|---|---|---|
| 008 | 150416b xxu||||| |||| 00| 0 eng d | ||
| 020 | _a9780071475785 | ||
| 041 | 0 | _aeng | |
| 080 | _a621.382 | ||
| 100 | 1 | _aMcMahon, David | |
| 245 | 1 | 0 |
_aSignals and systems demystified / _cDavid McMahon. |
| 260 |
_aNew York : _bMcGraw-Hill, _c2007. |
||
| 300 |
_a302 f.: _bme il.; _c24 cm. |
||
| 490 | 1 | _aDemystified series | |
| 505 | _aIndex: f.297-299 | ||
| 650 | 0 | _aProcesimi i sinjaleve | |
| 942 |
_2udc _cBK |
||
| 999 |
_c703 _d703 |
||